Statystyki dla Najpopularniejsze dania w danym państwie

Kliknij tutaj aby rozwiązać quiz!

Ogólne statystyki

  • Ten quiz został rozwiązany 774 razy
  • Średni wynik to 2 z 15

Statystyki odpowiedzi

KrajJedzenie% Poprawnych
PolskaPierogi
89%
UkrainaBarszcz
39%
DaniaSchab
30%
CzechyGulasz
28%
WęgryGulasz
28%
AustriaSznycel
19%
SłowacjaKluski
7%
LitwaChłodnik
3%
FrancjaZupa Cebulowa
3%
BiałoruśBabka
1%
RumuniaZupa Rybna
1%
NiemcyMaultaschen
0%
MołdawiaPlacek z serem
0%
ŁotwaZupa Chlebowa
0%
RosjaZupa Szczi
0%

Rozkład punktacji

Percentyl według liczby udzielonych odpowiedzi

Procent ludzi z każdym wynikiem

Twoja historia wyników

Nie rozwiązałeś tego quizu